MDQL
is popping MORE tags! Check the
thread
!
Quizzes
Events
Quiz Creation
Community
Videos
Private Events
Remove Ads
Sign In
Join for FREE
Feedback
Dark Mode
Quiz Categories
Sports
Geography
Music
Movies
Television
Just For Fun
Miscellaneous
History
Literature
Language
Science
Gaming
Entertainment
Religion
Holiday
For Kids
Quiz Lab
Recent
Popular Today
Quiz Kudos Today
Editor Picks
Curator Picks
Quizzes by...
Day
Popularity
Type
Ratings
Length
Year
Community
Subscriptions
Recent Discussions
Orange Saloon
Badges
Playlists
Quests
Create
Leaderboards
Showdown
Live 5
Trivia Bingo
Activity
Puzzle Library
Sporcle Events
Private Events
Virtual Trivia
Globe League
Become a Host
Pub Owners
SporcleCon
Opinionation
Our Games
Videos
Blog
Mobile Apps
Partnerships
Remove Ads and Go Orange
Feedback
History
US Presidents
World Leaders
Politics
Nation
Discovery
War
Decade
Year
Century
Biography
Art
History
US Presidents
World Leaders
Politics
Nation
Discovery
War
Decade
Year
Century
Biography
Art
Random Quiz
Search Sporcle
×
Quiz Lab
Quiz Lab
History
State
Type in answers that appear in a list
Type in answers that appear in a list
Classic
Best Score? Go Orange.
Representatives per State (2000 Census) Stats
Can you name the Representatives per State?
By
papercrab
4m
50 Questions
121 Plays
121 Plays
121 Plays
Comments
Comments
Give Quiz Kudos
Give Quiz Kudos
-
- Ratings
hide this ad
Forced Order
Answers have to be entered in order
Answers have to be entered in order
Random Order
Randomize order of answers
Randomize order of answers
Replay
Link that replays current quiz
Next Quiz
Link to next quiz in quiz playlist
You Got
0%
They Got
Avg Score
82%
Avg Friend Score
Upgrade to see
Score Distribution
Jump to the score distribution portion of the page
Score
0/50
Timer
04:00
0
Plays Today
State
# Reps
% Correct
Oklahoma
5
88.4%
Delaware
1
87.6%
North Dakota
1
87.6%
Arkansas
4
86.8%
South Dakota
1
86.8%
Tennessee
9
86.8%
Alaska
1
86%
Hawaii
2
86%
Iowa
5
86%
Utah
3
86%
Rhode Island
2
85.1%
Connecticut
5
84.3%
Idaho
2
84.3%
Missouri
9
84.3%
New Mexico
3
84.3%
West Virginia
3
84.3%
Alabama
7
83.5%
Arizona
8
83.5%
Indiana
9
83.5%
Kentucky
6
83.5%
Nebraska
3
83.5%
New Hampshire
2
83.5%
New Jersey
13
83.5%
North Carolina
13
83.5%
Vermont
1
83.5%
State
# Reps
% Correct
Mississippi
4
82.6%
Wyoming
1
82.6%
Maryland
8
81.8%
Massachusetts
10
81.8%
Minnesota
8
81.8%
Montana
1
81.8%
Oregon
5
81.8%
Georgia
13
81%
Louisiana
7
81%
Maine
2
81%
Washington
9
81%
Colorado
7
80.2%
Kansas
4
80.2%
Nevada
3
80.2%
Michigan
15
79.3%
Wisconsin
8
79.3%
South Carolina
6
78.5%
Illinois
19
77.7%
Ohio
18
77.7%
California
53
76%
Florida
25
76%
Pennsylvania
19
75.2%
Virginia
11
75.2%
New York
29
73.6%
Texas
32
71.1%
Quiz Playlist
Details
Report
Send in Message
Add To Playlist
Classic:
Type in answers that appear in a list
Forced Order:
Answers have to be entered in order
Random Order:
Randomize order of answers
Quiz Source
Last Updated: Feb 16, 2017
Quiz Scoreboard
CHALLENGE
Sign Up to Join the Scoreboard
Show All
Scores
Hide
Comments
May contain spoilers
Recently Published
Two Season TV Shows II
by 123Four
Television
10m
Image Sorting: Flags VI
by Barbecue
Geography
2m
Find the 'City' Movie
by crazypaving
Movies
60s
More to Explore
Quiz From the Vault
Featured Blog Post
14 Easter Pick-up Lines to Find Eggs With
hide this ad
You Might Also Like...
Tags
State Quiz
rep
Representative
Today's Top Quizzes in History
Browse History
hide this ad
Today's Top Quizzes in State
Browse State
Top Contributed Quizzes in History
1
I Am Born On March 29th
2
Order Up: 1000 Years of World Events I
3
US National Parks Named After People
4
Popular People in 1991
5
Popular People in 1951
6
Popular People in 1941
7
Popular People in 1981
8
Popular People in 1986
9
Popular People in 1921
10
Popular People in 1976
Explore More
Trending Topics
Anime
Marvel
NBA
Disney
Crossword
Kpop
Harry Potter
Soccer
Pokémon
The Office
Song
NFL
Puzzle
WWE
Country
hide this ad
More By:
papercrab
Quiz
Plays
Rating
Category
Featured
Created
The Hobbit Chapters
4,103
4.49
Literature
Sep 28, 2009
Dirk Pitt Novels
1,316
4.13
Literature
Oct 2, 2009
Overseas Territories of France
605
4.25
Geography
Oct 2, 2009
U.S. States That Were Never Territories
586
4.10
Geography
Sep 30, 2009
Counties in Pennsylvania
348
5.00
Geography
Sep 23, 2009
Go to Creator's Profile
Score Distribution
Quiz Creator Spotlight
papercrab
Follow
Send a Message
Quizzes Created
-
Created Quiz Play Count
-
More By This Creator
Popular Quizzes Today
1
Find the US States - No Outlines Minefield
2
Colored Red Africa Blitz
3
Find the 'City' Movie
4
5x2 Blitz: Bands
5
The Countries of the World
6
Find the Countries of Europe - No Outlines Minefield
7
Find the US States
8
US States
More History Quizzes
I Am Born On February 7th
Quiz Lab
Trending Quizzes
Colored Red Europe Blitz I
Colored Red Africa Blitz II
Colored Red Europe Blitz II
Colored Red Africa Blitz III
Even More Two Season TV Shows
Recently Updated
March Madness Men's Triple Doubles
pecheneg
How Do You Spell That?
pecheneg
Godzilla Movies
pecheneg
Grab Bag: 4-10 Letters
pecheneg
2024 March Madness Bracket
pecheneg
Famous TV Couples
Peacemaker
Champions League XIs: Real Madrid
pecheneg
Largest US Cities 1790-2010
pecheneg
Rides in Walt Disney World
pecheneg
Most Oscar Losses (Acting)
pecheneg
Trending Topics
Kpop
Marvel
NBA
Harry Potter
Anime
Disney
Crossword
Puzzle
Soccer
Song
WWE
Pokémon
The Office
Country
NFL
Your Account Isn't Verified!
In order to create a playlist on Sporcle, you need to verify the email address you used during registration. Go to your
Sporcle Settings
to finish the process.
Report this User
Report this user for behavior that violates our
Community Guidelines
.
Details:
Send Report
Go to the Sporcle.com Mobile Site →
Comments